Finanční analýza - metody a využití
Uložené v:
| Hlavný autor: | |
|---|---|
| Médium: | Kniha |
| Jazyk: | Czech |
| Vydavateľské údaje: |
Praha
VOX Consult
1995
|
| Vydanie: | 1. vyd. |
| Predmet: | |
| Tagy: |
Žiadne tagy, Buďte prvý, kto otaguje tento záznam!
|
MARC
| LEADER | 00000nam a2200000 4500 | ||
|---|---|---|---|
| 001 | c012015 | ||
| 005 | 20221205133010.5 | ||
| 041 | 0 | |a cze | |
| 044 | |a CZ | ||
| 245 | 1 | 0 | |a Finanční analýza - metody a využití |c Rolf Grünwald |
| 250 | |a 1. vyd. | ||
| 264 | 1 | |a Praha |b VOX Consult |c 1995 | |
| 300 | |a 81 s. | ||
| 610 | 2 | 0 | |a analýza finančná |
| 610 | 2 | 0 | |a výsledok hospodársky |
| 610 | 2 | 0 | |a výkazy účtovné |
| 610 | 2 | 0 | |a hospodárenie podnikové |
| 100 | 1 | |a Grünwald, Rolf | |